Navrhovanie a opravy plochých striech
Enregistré dans:
| Auteurs principaux: | , |
|---|---|
| Format: | Livre |
| Langue: | slovaque |
| Publié: |
Bratislava :
Alfa,
1986
|
| Édition: | 2 prepr.vyd. |
| Sujets: | |
| Tags: |
Pas de tags, Soyez le premier à ajouter un tag!
|
MARC
| LEADER | 00000nam a22000003a 4500 | ||
|---|---|---|---|
| 001 | stu10630 | ||
| 005 | 20150617225805.0 | ||
| 008 | 941020s1986----cs------------------slo-d | ||
| 040 | |a STU |b slo | ||
| 041 | 0 | |a slo | |
| 044 | |a cs | ||
| 100 | 1 | |a Oláh, Jozef, |d 1946- |4 aut |u V180 |U SvF Stavebná fakulta |T SvF Katedra konštrukcií pozemných stavieb |X 736 |U V180 |Y 18 |7 A000000736 | |
| 245 | 1 | |a Navrhovanie a opravy plochých striech | |
| 250 | |a 2 prepr.vyd. | ||
| 260 | |a Bratislava : |b Alfa, |c 1986 | ||
| 300 | |a 226 s | ||
| 650 | 7 | |a strechy ploché |2 stusub | |
| 650 | 7 | |a strechy |2 stusub | |
| 700 | 1 | |a Černík, Peter, |d 1955- |4 aut |u V180 |U SvF Stavebná fakulta |T SvF Katedra konštrukcií pozemných stavieb |X 3724 |U V180 |Y 18 |7 A000003724 | |
| 996 | |b 284AU04493 |c A*1808 U |l AAKNAR |s A |a 24 |w stu10630_0001 | ||